000 01883nam a2200349 a 4500
001 30017
003 BD-RjUL
005 20211209051510.0
008 140408s1970 enk 001 0 eng
020 _a071006618X (V-1)
020 _a0710066198 (V-2)
035 _a(BD-RjUL)30102
040 _aLC
_beng
_cLC
_dABN-SNR
_dVJTL
_dBD-RjUL
041 1 _aeng
_hger
082 0 4 _a160
_bHUL 1970
100 1 _aHusserl, Edmund,
_d1859-1938.
_96186
245 1 0 _aLogical investigations /
_cEdmund Husserl ; translated by J. N. Findlay.
260 _aLondon :
_bRoutledge and K. Paul ;
_aNew York :
_bHumanities Press,
_c1970.
300 _a v. ;
_c22 cm.
490 _aInternational library of philosophy and scientific method
500 _a"Translated from the Second German Edition of Logische Untersuchungen."
504 _aIncludes bibliographical references.
505 0 _aVolume 1, Prolegomena to pure logic (Volume one of the German edition) ; Expression and meaning (Investigation I, volume II of the German edition) ; The ideal unity of the species (Investigation II, volume II of the German ediotion) -- Vol. 2 , On the theory of wholes and parts ( (Investigation III, Volume II of the German editions) ; The distinction between independent and non-independent meanings ((Investigation IV VolumeII of the German editions) ; On intentional experience and their "contents" ((Investigation V, Volume II of the German editions) ; Elements of a phenomenological elucidation of knowledge (Investigation VI, Volume II, Part II of the German editions)
650 0 _aLogic.
_991311
650 0 _aKnowledge, Theory of.
_991312
650 0 _aPhenomenology.
_93377
700 _aFindlay, J. N. , tr.
_9222486
830 _aInternational library of philosophy and scientific method
_9222487
942 _2ddc
_cBK
999 _c30017
_d30017